000 00375nam a2200169Ia 4500
003 0STCL
008 150530s9999 xx 000 0 und d
040 _aSTCL
_cSTCL
100 _aJohn Grisham
245 _aChamber
260 _bDell Book; New York
_c2003
_aNew York
300 _a0
546 _aEnglish
942 _2ddc
_cBK
999 _c67859
_d67859
005 20220125171350.0